000 00429nam a22001697a 4500
003 NUST - PNEC
005 20170116180915.0
008 150903b xxu||||| |||| 00| 0 eng d
020 _a0412613301
040 _cLIBRARY
082 _a620.19304 SHA
100 _97404
_aShalin, R. E.
245 _aPolymer matrix composites
_cShalin R. E.
260 _cc. 1995
650 _97403
_aMechanical Engineering
_xME
942 _2ddc
_cBK
999 _c65436
_d65436